01003nam a22002537a 450000500170000001000260001702000370004303500140008003500140009403700090010808200110011710000200012824500570014825000070020526000310021227000920024330000230033530000280035849000170038694200250040399900190042895201380044795201640058520240806160047.0 aENG-138946 ENG-141251 c3495.00(set of 2)a9789386515704 aEN-122478 aEN-124783 bDBAD a343.54 aRatanlal969619 aThe Indian Penal Code/bBy Ratan Lal and Dheerajl al a34 aGurgaonbLexis Nexisc2018 bGurgaona14th floor, BUILDING No 10, Tower-B DLF Cyber City, Phase-II , Gurgaone122002 a3046 p.c25cm(pbk) a1499p.,111p.c25cm(pbk) vVol 1, Vol 2 2ddccENh343.54mRAT c200260d200260 00103VOL 240718NFICaAVbAVd2024-01-19eDBADg3495.00l0o343.54 RATpEN-122478r2024-01-19 00:00:00t1v1747.50w2024-01-19yEN 00103VOL-140708NFICaAVbAVd2024-08-06eDelivery of Books Act Divisiong1747.50l0o343.54 RATpEN-124783r2024-08-06 00:00:00t1v1747.50w2024-08-06yEN